<?xml version="1.0" encoding="UTF-8"?>
<record
    xmlns:xsi="http://www.w3.org/2001/XMLSchema-instance"
    xsi:schemaLocation="http://www.loc.gov/MARC21/slim http://www.loc.gov/standards/marcxml/schema/MARC21slim.xsd"
    xmlns="http://www.loc.gov/MARC21/slim">

  <leader>00788nam a2200241 i 4500</leader>
  <controlfield tag="001">BINCO</controlfield>
  <controlfield tag="003">CO-MdBIC</controlfield>
  <controlfield tag="005">20220215181417.0</controlfield>
  <controlfield tag="008">220215t1990    -usa|||| |||| 00| 0 spa d</controlfield>
  <datafield tag="020" ind1=" " ind2=" ">
    <subfield code="a">0590485261</subfield>
  </datafield>
  <datafield tag="040" ind1=" " ind2=" ">
    <subfield code="a">CO-MdBIC</subfield>
    <subfield code="b">spa</subfield>
    <subfield code="c">CO-MdBIC</subfield>
    <subfield code="d">CO-MdBIC</subfield>
  </datafield>
  <datafield tag="041" ind1=" " ind2=" ">
    <subfield code="a">spa</subfield>
  </datafield>
  <datafield tag="082" ind1=" " ind2=" ">
    <subfield code="2">22</subfield>
    <subfield code="a">813C</subfield>
    <subfield code="b">H418</subfield>
  </datafield>
  <datafield tag="100" ind1=" " ind2=" ">
    <subfield code="a">Hennessy, B.G.</subfield>
  </datafield>
  <datafield tag="245" ind1=" " ind2="0">
    <subfield code="a">D&#xED;as de escuela</subfield>
    <subfield code="c">/ B.G. Hennessy ; Tracey Campbell Pearson ilustrador</subfield>
  </datafield>
  <datafield tag="260" ind1=" " ind2="1">
    <subfield code="a">New York, Estados Unidos : </subfield>
    <subfield code="b">Scholastic,</subfield>
    <subfield code="c">[1995]</subfield>
  </datafield>
  <datafield tag="264" ind1=" " ind2="4">
    <subfield code="c">&#xA9; 1995</subfield>
  </datafield>
  <datafield tag="300" ind1=" " ind2=" ">
    <subfield code="a">30 p&#xE1;ginas ;</subfield>
    <subfield code="b">ilustrado a color : </subfield>
    <subfield code="c">18 cm.</subfield>
  </datafield>
  <datafield tag="505" ind1=" " ind2=" ">
    <subfield code="a">El texto y las ilustraciones describen los rostros y objetos familiares de un d&#xED;a en la escuela.</subfield>
  </datafield>
  <datafield tag="650" ind1=" " ind2=" ">
    <subfield code="v">Vida en escuela</subfield>
  </datafield>
  <datafield tag="700" ind1=" " ind2=" ">
    <subfield code="a">Tracy Campbell,</subfield>
    <subfield code="d">1962-</subfield>
    <subfield code="e">ilustrador</subfield>
  </datafield>
  <datafield tag="942" ind1=" " ind2=" ">
    <subfield code="c">LGB</subfield>
  </datafield>
  <datafield tag="952" ind1=" " ind2=" ">
    <subfield code="0">0</subfield>
    <subfield code="1">0</subfield>
    <subfield code="2">ddc</subfield>
    <subfield code="4">0</subfield>
    <subfield code="7">0</subfield>
    <subfield code="8">GEN</subfield>
    <subfield code="a">BINCO</subfield>
    <subfield code="b">BINCO</subfield>
    <subfield code="d">2022-02-15</subfield>
    <subfield code="l">0</subfield>
    <subfield code="o">813C H418</subfield>
    <subfield code="p">B33237</subfield>
    <subfield code="r">2022-02-15 00:00:00</subfield>
    <subfield code="t">ej.1</subfield>
    <subfield code="w">2022-02-15</subfield>
    <subfield code="y">LGB</subfield>
    <subfield code="k">12</subfield>
  </datafield>
  <datafield tag="952" ind1=" " ind2=" ">
    <subfield code="0">0</subfield>
    <subfield code="1">0</subfield>
    <subfield code="2">ddc</subfield>
    <subfield code="4">0</subfield>
    <subfield code="7">0</subfield>
    <subfield code="8">GEN</subfield>
    <subfield code="a">BINCO</subfield>
    <subfield code="b">BINCO</subfield>
    <subfield code="d">2022-02-15</subfield>
    <subfield code="l">0</subfield>
    <subfield code="o">813C H418</subfield>
    <subfield code="p">B33238</subfield>
    <subfield code="r">2022-02-15 00:00:00</subfield>
    <subfield code="t">ej.2</subfield>
    <subfield code="w">2022-02-15</subfield>
    <subfield code="y">LGB</subfield>
    <subfield code="k">12</subfield>
  </datafield>
  <datafield tag="952" ind1=" " ind2=" ">
    <subfield code="0">0</subfield>
    <subfield code="1">0</subfield>
    <subfield code="2">ddc</subfield>
    <subfield code="4">0</subfield>
    <subfield code="7">0</subfield>
    <subfield code="8">GEN</subfield>
    <subfield code="a">BINCO</subfield>
    <subfield code="b">BINCO</subfield>
    <subfield code="d">2022-02-15</subfield>
    <subfield code="l">0</subfield>
    <subfield code="o">813C H418</subfield>
    <subfield code="p">B33239</subfield>
    <subfield code="r">2022-02-15 00:00:00</subfield>
    <subfield code="t">ej.3</subfield>
    <subfield code="w">2022-02-15</subfield>
    <subfield code="y">LGB</subfield>
    <subfield code="k">12</subfield>
  </datafield>
  <datafield tag="952" ind1=" " ind2=" ">
    <subfield code="0">0</subfield>
    <subfield code="1">0</subfield>
    <subfield code="2">ddc</subfield>
    <subfield code="4">0</subfield>
    <subfield code="7">0</subfield>
    <subfield code="8">GEN</subfield>
    <subfield code="a">BINCO</subfield>
    <subfield code="b">BINCO</subfield>
    <subfield code="d">2022-02-15</subfield>
    <subfield code="l">0</subfield>
    <subfield code="o">813C H418</subfield>
    <subfield code="p">B33240</subfield>
    <subfield code="r">2022-02-15 00:00:00</subfield>
    <subfield code="t">ej,4</subfield>
    <subfield code="w">2022-02-15</subfield>
    <subfield code="y">LGB</subfield>
    <subfield code="k">12</subfield>
  </datafield>
  <datafield tag="952" ind1=" " ind2=" ">
    <subfield code="0">0</subfield>
    <subfield code="1">0</subfield>
    <subfield code="2">ddc</subfield>
    <subfield code="4">0</subfield>
    <subfield code="7">0</subfield>
    <subfield code="8">L4</subfield>
    <subfield code="a">BINCO</subfield>
    <subfield code="b">BINCO</subfield>
    <subfield code="d">2022-03-01</subfield>
    <subfield code="l">0</subfield>
    <subfield code="o">813C H418</subfield>
    <subfield code="p">B30792</subfield>
    <subfield code="r">2022-03-01 00:00:00</subfield>
    <subfield code="t">ej.5</subfield>
    <subfield code="w">2022-03-01</subfield>
    <subfield code="y">LGB</subfield>
    <subfield code="k">12</subfield>
  </datafield>
  <datafield tag="999" ind1=" " ind2=" ">
    <subfield code="c">67221</subfield>
    <subfield code="d">67221</subfield>
  </datafield>
</record>
